000 01093nas a2200361 4500
001 BR0205416
003 BR-BrBNA
005 20231205103346.0
007 ta
008 230509b bl.|||p| |||| 00| 00por d
040 _aBR-BrBNA
_bpor
_cBiblioteca Nacional de Agricultura
041 _a(Pt)
072 _aL01; L02
100 1 _aOliveira, M.V.M. de
100 1 _aPérez, J.R.O.
100 1 _aAlves, E.L.
100 1 _aMartins, A.R.V.
100 1 _aLana, R. de P.
245 1 _aRendimento de carcaça, mensurações e peso de cortes comerciais de cordeiros Santa Inês e Bergamácia alimentados com dejetos de suínos em confinamento
650 _aOVINO
650 _aSUÍNO
650 _aDEJETO
650 _aRENDIMENTO
650 _aCARCAÇA
650 _aABATE
650 _aPESO
650 _aCORTE
650 _aCONFINAMENTO
650 _aNUTRIÇÃO ANIMAL
773 0 _tRevista Brasileira de Zootecnia (Brazil)
_xISSN 1516-3598
_g(May-Jun 2002), v. 31(3)Suplemento p. 1451-1458
_wBR0205416
909 _a202311
_bLúcia
_c55
_dLúcia Elande
942 _2AGRIS
_n0
_cANA
999 _c172443
_d172443